01502agaaa2200313 45000010005000000030009000050050017000140070009000310080040000400400023000800410013001031000046001161300018001622400021001802450208002012460014004092500022004232600093004453000034005385080156005725110089007285200119008175380016009365460013009526500054009657000058010197000060010777000051011379000IT-RoPAU20220918181254.0d cvaizq50131s9999||||xx ||| | || ||und|| aIT-RoPAUcIT-RoPAU aITALIANO aAltman RobertgCodice regista SPICS: 9953 aUN MATRIMONIO aA WEDDINGgT1879 aUN MATRIMONIOcProdotto da: Altman Robert -- Sceneggiatura: Considine John Resnick Patricia Nicholis Allan Altman Robert -- Diretto da: Altman RobertpUN MATRIMONIO (Rif. Codice opera principale : 29000) aA WEDDING aEdizione Standard a(USA)bLION'S GATE / Distribuzione: RAIg"1978 (1° ed.: 1985 ; Ed. Lingua Orig.: 1978)" aVHSbsonoro, col.c120 minuti a"Fotografia: Rosher Charles; Montaggio: Lombardo Tony; Musica: Webb Jim; Sceneggiatura: Considine John Resnick Patricia Nicholis Allan Altman Robert; " a"Burnett Carol; Dooley Paul; Stryker Amy; Farrow Mia; Christopher Dennis; Bursby G." aCOMMEDIA SATIRICA ARISTOCRAZIA MUSICA DI CHRIS MCLAUGHLIN JIM BOURGEOIS JIM STUEBE BIRD ON A WIRE DI LEONARD COHEN aPAL, STEREO aITALIANO aSATIRICOeFILMS [VHS]xCodice MATERIA SPICS: 9960 aAltman Robert e(regista)gCodice regista SPICS: 9953 aAltman Robert e(soggetto)gCodice Soggetto SPICS: 9953 aWebb Jime(musica)gCodice Musica SPICS: 15993